Statistics for All NFL Philadelphia Eagles Quarterbacks

Click here to take the quiz!

General Stats

  • This quiz has been taken 174 times
  • The average score is 10 of 56

Answer Stats

YearsAnswer% Correct
2016-2019Carson Wentz
98%
1999-2009Donovan McNabb
94%
2012-2014, 2017-2018Nick Foles
94%
2010-2013Michael Vick
84%
1985-1995Randall Cunningham
81%
2015Sam Bradford
59%
1977-1986Ron Jaworski
54%
2014-2015Mark Sanchez
45%
2009-2010Kevin Kolb
41%
1999Doug Pederson
32%
1958-1960Norm Van Brocklin
31%
2011Vince Young
31%
2006Jeff Garcia
27%
1991-1992Jim McMahon
21%
1998-1999, 2002, 2004Koy Detmer
21%
2005Mike McMahon
20%
1996-1997Ty Detmer
20%
1995-1998Rodney Peete
19%
2002, 2007A. J. Feeley
17%
1964-1970Norm Snead
16%
1957, 1961-1963Sonny Jurgenson
16%
1997-1998Bobby Hoying
11%
1993-1994Bubby Brister
11%
1973-1976Roman Gabriel
11%
1941-1942, 1946-1950Tommy Thompson
9%
1939-1940Davey O'brien
6%
1991Jeff Kemp
6%
1993Ken O'brien
6%
1952-1957Bobby Thomason
5%
1962-1966, 1968King Hill
5%
1935Stumpy Thomason
5%
1991Brad Goebel
4%
1986Matt Cavanaugh
4%
1974-1976Mike Boryla
4%
1964, 1966Jack Concannon
3%
1951-1956Adrian Burk
2%
1984Joe Pisarcik
2%
1972John Reaves
2%
1971-1972Pete Liske
2%
1945Allie Sherman
1%
1948Bill Mackrides
1%
1933Dick Thornton
1%
1941Foster Watkins
1%
1969George Mira
1%
1936-1937Glenn Frey
1%
1987Guido Merkens
1%
1935Irv Kupcinet
1%
1948Jack Myers
1%
1934, 1936Jim Leonard
1%
1941Len Barnum
1%
1933-1935Red Kirkman
1%
1970-1971Rick Arrington
1%
1943-1946Roy Zimmerman
1%
1987Scott Tinsley
1%
1938-1939Woody Dow
1%
1968John Huarte
0%

Score Distribution

Percentile by Number Answered

Percent of People with Each Score

Your Score History

You have not taken this quiz